| 000 | 00654nam a2200181Ia 4500 | ||
|---|---|---|---|
| 008 | 151018s9999 xx 000 0 und d | ||
| 082 |
_bRBASDV27459 _a891.468 |
||
| 100 | _aमंगेश पाडगांवकर | ||
| 245 | _aनिंबोनिच्या झाडामागे | ||
| 250 | _b3 | ||
| 260 |
_bअनुभव _c1996 |
||
| 300 | _a120 | ||
| 600 | _aमंगेश पाडगांवकर | ||
| 630 | _aनिंबोनिच्या झाडामागे | ||
| 700 | _aमंगेश पाडगांवकर | ||
| 730 | _aनिंबोनिच्या झाडामागे | ||
| 942 | _cBOOK | ||
| 999 |
_c1027050 _d1027047 |
||